<?xml version="1.0" encoding="UTF-8"?>
<record
    xmlns:xsi="http://www.w3.org/2001/XMLSchema-instance"
    xsi:schemaLocation="http://www.loc.gov/MARC21/slim http://www.loc.gov/standards/marcxml/schema/MARC21slim.xsd"
    xmlns="http://www.loc.gov/MARC21/slim">

  <leader>02722nam a2200349 i 4500</leader>
  <controlfield tag="001">768714001</controlfield>
  <controlfield tag="003">CO-MdFUSB</controlfield>
  <controlfield tag="005">20210817121116.0</controlfield>
  <controlfield tag="007">ta</controlfield>
  <controlfield tag="008">210805t2016    cl  |||| |||| 00| 0 spa d</controlfield>
  <datafield tag="020" ind1=" " ind2=" ">
    <subfield code="a">9789560006578</subfield>
  </datafield>
  <datafield tag="040" ind1=" " ind2=" ">
    <subfield code="a">CO-MdFUSB</subfield>
    <subfield code="b">spa</subfield>
    <subfield code="c">CO-MdFUSB</subfield>
    <subfield code="d">CO-MdFUSBC</subfield>
    <subfield code="e">rda</subfield>
  </datafield>
  <datafield tag="041" ind1=" " ind2=" ">
    <subfield code="a">spa</subfield>
    <subfield code="h">eng</subfield>
  </datafield>
  <datafield tag="082" ind1=" " ind2=" ">
    <subfield code="2">23</subfield>
    <subfield code="a">302.072</subfield>
    <subfield code="b">SM654</subfield>
  </datafield>
  <datafield tag="100" ind1=" " ind2=" ">
    <subfield code="a">Smith, Linda Tuhiwai,</subfield>
    <subfield code="e">autor</subfield>
  </datafield>
  <datafield tag="240" ind1=" " ind2=" ">
    <subfield code="a">Decolonizing methodologies</subfield>
  </datafield>
  <datafield tag="245" ind1="1" ind2=" ">
    <subfield code="a">A descolonizar las metodolog&#xED;as :</subfield>
    <subfield code="b">investigaci&#xF3;n y pueblos ind&#xED;genas</subfield>
    <subfield code="c">/ Linda Tuhiwai Smith ; traducido por Kathryn Lehman</subfield>
  </datafield>
  <datafield tag="264" ind1=" " ind2="1">
    <subfield code="a">Santiago de Chile :</subfield>
    <subfield code="b">LOM ediciones, </subfield>
    <subfield code="c">[2016]</subfield>
  </datafield>
  <datafield tag="264" ind1=" " ind2="4">
    <subfield code="c">&#xA9; 2016</subfield>
  </datafield>
  <datafield tag="300" ind1=" " ind2=" ">
    <subfield code="a">306 p&#xE1;ginas</subfield>
    <subfield code="c">; 22 cm</subfield>
  </datafield>
  <datafield tag="336" ind1=" " ind2=" ">
    <subfield code="2">rdacontent</subfield>
    <subfield code="a">texto</subfield>
    <subfield code="b">txt</subfield>
  </datafield>
  <datafield tag="337" ind1=" " ind2=" ">
    <subfield code="2">rdamedia</subfield>
    <subfield code="a">sin mediaci&#xF3;n</subfield>
    <subfield code="b">n</subfield>
  </datafield>
  <datafield tag="338" ind1=" " ind2=" ">
    <subfield code="2">rdacarrier</subfield>
    <subfield code="a">volumen</subfield>
    <subfield code="b">nc</subfield>
  </datafield>
  <datafield tag="490" ind1=" " ind2=" ">
    <subfield code="a">Cultura y sociedad</subfield>
  </datafield>
  <datafield tag="505" ind1=" " ind2=" ">
    <subfield code="a">Imperialismo, historia, escritura y teor&#xED;a. -- La investigaci&#xF3;n a traves de la mirada imperial. -- Saberes colonizadores. -- Aventuras de investigaci&#xF3;n en tierras ind&#xED;genas. -- Apuntes desde el pac&#xED;fico Sur. -- El proyecto de los Pueblos Ind&#xED;genas: para establecer una nueva agenda. -- Articulaci&#xF3;n de una agenda de investigaci&#xF3;n ind&#xED;gena. -- Veinticinco proyectos ind&#xED;genas. -- En respuestas a las exigencias de una agenda ind&#xED;gena: un estudio de caso maori. -- Hacia el desarrollo de metodolog&#xED;as ind&#xED;genas: investigaci&#xF3;n Kaupapa Maori. -- Escoger los m&#xE1;rgenes: el rol de la investigaci&#xF3;n en la lucha ind&#xED;gena por la justicia social. -- Entendiendo correctamente la historia, contando bien la historia: activismo ind&#xED;gena, invetigaci&#xF3;n ind&#xED;gena. </subfield>
  </datafield>
  <datafield tag="520" ind1=" " ind2=" ">
    <subfield code="a">Desde su primera publicaci&#xF3;n en ingl&#xE9;s, en 1999, A descolonizar las metodolog&#xED;as (Decolonizing methodologies) se transform&#xF3; en una obra fundamental para la pr&#xE1;ctica pol&#xED;tica y autoeducativa de los pueblos ind&#xED;genas y de diversas comunidades que luchan por la autodeterminaci&#xF3;n y contra el colonialismo en el mundo entero. La reciente maduraci&#xF3;n de un movimiento ind&#xED;gena global transform&#xF3; a este libro en una herramienta de cambio, no s&#xF3;lo para el pueblo maori, al que pertenece su autora, sino tambi&#xE9;n para pueblos y comunidades en Australia, Estados Unidos y Canad&#xE1;, entre otros pa&#xED;ses del &#xE1;rea angloparlante. As&#xED;, ya desde algunos a&#xF1;os se hab&#xED;a sentido la necesidad de una versi&#xF3;n en castellano que permitiera la difusi&#xF3;n de la obra entre los pueblos originarios, los grupos culturales, los educadores, investigadores y estudiantes de Chile y Am&#xE9;rica Latina</subfield>
  </datafield>
  <datafield tag="563" ind1=" " ind2=" ">
    <subfield code="a">R&#xFA;stico</subfield>
  </datafield>
  <datafield tag="653" ind1=" " ind2=" ">
    <subfield code="a">Pueblos ind&#xED;genas -- Investigaciones.</subfield>
  </datafield>
  <datafield tag="700" ind1=" " ind2=" ">
    <subfield code="9">5448</subfield>
    <subfield code="a">Lehman, Kathryn</subfield>
    <subfield code="e">traductor</subfield>
  </datafield>
  <datafield tag="942" ind1=" " ind2=" ">
    <subfield code="c">BK</subfield>
  </datafield>
  <datafield tag="945" ind1=" " ind2=" ">
    <subfield code="a">JTF-925</subfield>
  </datafield>
  <datafield tag="952" ind1=" " ind2=" ">
    <subfield code="0">0</subfield>
    <subfield code="1">0</subfield>
    <subfield code="2">ddc</subfield>
    <subfield code="4">0</subfield>
    <subfield code="7">0</subfield>
    <subfield code="8">GEN</subfield>
    <subfield code="a">FUSBC</subfield>
    <subfield code="b">FUSBC</subfield>
    <subfield code="d">2021-08-05</subfield>
    <subfield code="l">3</subfield>
    <subfield code="o">G 302.072 SM654d</subfield>
    <subfield code="p">21476</subfield>
    <subfield code="r">2024-09-13 00:00:00</subfield>
    <subfield code="s">2024-09-04</subfield>
    <subfield code="t">Ej. 1</subfield>
    <subfield code="w">2021-08-05</subfield>
    <subfield code="y">BK</subfield>
    <subfield code="k">38</subfield>
    <subfield code="I">INV2022</subfield>
  </datafield>
  <datafield tag="999" ind1=" " ind2=" ">
    <subfield code="c">66792</subfield>
    <subfield code="d">66792</subfield>
  </datafield>
</record>
